000 00279nam a22001217a 4500
008 170616b xxu||||| |||| 00| 0 eng d
041 _aeng
080 _a327
100 _a20
101 _aSHP
245 _aARMS CONTROL IN INTERNATIONAL POLITCS
_cEDWARDS,D.V
942 _2udc
_cBK
999 _c17728
_d17728